Nástroj produktívnej zamestnanosti

Štátna politika zamestnanosti a jej zameranie na podporu plnej a produktívnej zamestnanosti. Napĺňanie cieľov politiky zamestnanosti prostredníctvom viacerých vhodných nástrojov. Jedným z takýchto nástrojov je i organizovanie verejnoprospešných prác. Úloha úradov práce pri ich organizovaní. Význam o...

Celý popis

Uložené v:
Podrobná bibliografia
Hlavný autor: Brezovský, F.
Médium: Kapitola
Jazyk:Slovak
Predmet:
Tagy: Pridať tag
Žiadne tagy, Buďte prvý, kto otaguje tento záznam!

MARC

LEADER 00000naa a2200000 4500
001 r017995
005 20221213101339.0
041 0 |a slo 
044 |a SK 
245 1 0 |a Nástroj produktívnej zamestnanosti  |c F. Brezovský 
520 |a Štátna politika zamestnanosti a jej zameranie na podporu plnej a produktívnej zamestnanosti. Napĺňanie cieľov politiky zamestnanosti prostredníctvom viacerých vhodných nástrojov. Jedným z takýchto nástrojov je i organizovanie verejnoprospešných prác. Úloha úradov práce pri ich organizovaní. Význam organizovania verejnoprospešných prác pre nezamestnaných občanov a významná je i hospodársko-ekonomická funkcia. Legislatívna úprava verejnoprospešných prác. 
610 2 0 |a politika zamestnanosti 
610 2 0 |a trh práce 
610 2 0 |a práce verejnoprospešné 
610 2 0 |a úrady práce 
610 2 0 |a nezamestnanosť 
610 2 0 |a zákony 
610 2 0 |a vyhlášky 
610 2 0 |a Slovensko 
610 2 0 |a 1994 
100 1 |a Brezovský, F.